Countries Bordering Italy - Map With Countries - Statistics

General Stats
  • This quiz has been taken 558 times
  • The average score is 6 of 6
Answers on the Map
Answers color-coded by a green-red scale on the quiz's map according to % correct below.
 
Answer Stats
Country % Correct
France
100%
Switzerland
100%
Vatican City
100%
Austria
99%
San Marino
99%
Slovenia
97%
No matching quizzes found
Score Distribution
Percent of People with Each Score
Percentile by Number Answered
Your Score History
You have not taken this quiz